Statistics for Guess Character By Emoji

Click here to take the quiz!

General Stats

  • This quiz has been taken 62 times
  • The average score is 4 of 9

Answer Stats

HintAnswer% Correct
πŸ₯ŠπŸͺ¨Rocky
76%
πŸ‘ͺπŸΌπŸ”«πŸ¦‡Batman
74%
πŸ‘»πŸ˜±πŸ”ͺπŸ“žGhostface
70%
πŸ€ πŸ’ŽπŸƒπŸ›•Indiana Jones
64%
πŸ΄β€β˜ οΈβš“πŸ¦Captain Jack Sparrow
58%
πŸ¦΅πŸ«πŸ¦πŸ“Forrest Gump
48%
πŸŸ‘πŸ€–πŸ€“C3-PO
24%
πŸ•°οΈπŸš—πŸ¦ΊπŸͺ°Marty Mcfly
16%
πŸ₯€πŸ”«πŸ‘±β€β™‚οΈπŸ‘ΌπŸ΄Godfather
12%

Score Distribution

Percentile by Number Answered

Percent of People with Each Score

Your Score History

You have not taken this quiz